Chauves-souris de France métropolitaine - Statistiques

Statistiques générales
  • Ce quiz a été pris 34 fois
  • Le résultat moyen est 16 sur 36
Statistiques - réponses
Famille Espèce % Correct
Grand Rhinolophe
96%
Petit Rhinolophe
96%
Grand Murin
91%
Pipistrelle commune
83%
Oreillard gris
65%
Petit Murin
65%
Molossidés Molosse de Cestoni
61%
Pipistrelle de Kuhl
61%
Murin à oreilles échancrées
57%
Oreillard roux
57%
Murin de Daubenton
52%
Murin de Bechstein
48%
Noctule commune
48%
Sérotine commune
48%
Grande Noctule
43%
Minioptéridés Minioptère de Schreibers
43%
Murin à moustaches
43%
Rhinolophe euryale
43%
Murin de Natterer
39%
Pipistrelle pygmée
39%
Vespère de Savi
39%
Vespertilionidés Barbastelle d'Europe
35%
Murin des marais
35%
Noctule de Leisler
35%
Vespertilion bicolore
35%
Murin de Brandt
30%
Murin de Capaccini
30%
Oreillard montagnard
26%
Pipistrelle de Nathusius
26%
Murin d'Alcathoé
22%
Rhinolophidés Rhinolophe de Méhely
22%
Sérotine de Nilsson
13%
Murin cryptique
9%
Murin de Corse
9%
Murin d'Escalera
9%
Murin du Maghreb
9%
Aucun quiz correspondant
Distribution des résultats
% des personnes avec chaque résultat
Percentile par nombre de réponses
Votre historique - résultats
Vous n’avez pas pris ce quiz